The siege of Macindaw (Record no. 242576)
[ view plain ]
| 000 -LEADER | |
|---|---|
| fixed length control field | 02097cim a2200565 a 4500 |
| 001 - CONTROL NUMBER | |
| control field | rbc00006043 |
| 003 - CONTROL NUMBER IDENTIFIER | |
| control field | CtWfDGI |
| 005 - DATE AND TIME OF LATEST TRANSACTION | |
| control field | 20220311135354.0 |
| 007 - PHYSICAL DESCRIPTION FIXED FIELD--GENERAL INFORMATION | |
| fixed length control field | sd fungnnmmued |
| 008 - FIXED-LENGTH DATA ELEMENTS--GENERAL INFORMATION | |
| fixed length control field | 090504s2009 mdunnn c f eng d |
| 020 ## - INTERNATIONAL STANDARD BOOK NUMBER | |
| International Standard Book Number | 9781440730153 |
| 028 01 - PUBLISHER NUMBER | |
| Publisher number | C6043 |
| Source | Recorded Books |
| 040 ## - CATALOGING SOURCE | |
| Original cataloging agency | CtWfDGI |
| Transcribing agency | CtWfDGI |
| Description conventions | rda |
| 050 14 - LIBRARY OF CONGRESS CALL NUMBER | |
| Classification number | PZ7.F598284 |
| Item number | Si 2009c |
| 082 04 - DEWEY DECIMAL CLASSIFICATION NUMBER | |
| Classification number | [Fic] |
| Edition number | 22 |
| 092 ## - LOCALLY ASSIGNED DEWEY CALL NUMBER (OCLC) | |
| Classification number | cd |
| 099 #9 - LOCAL FREE-TEXT CALL NUMBER (OCLC) | |
| Filing suffix | BD J |
| Classification number | FICTION |
| 100 1# - MAIN ENTRY--PERSONAL NAME | |
| Personal name | Flanagan, John |
| Fuller form of name | (John Anthony) |
| 9 (RLIN) | 53822 |
| 245 14 - TITLE STATEMENT | |
| Title | The siege of Macindaw |
| Medium | [sound recording] / |
| Statement of responsibility, etc | John Flanagan. |
| 260 ## - PUBLICATION, DISTRIBUTION, ETC. (IMPRINT) | |
| Place of publication, distribution, etc | Prince Frederick, MD : |
| Name of publisher, distributor, etc | Recorded Books, |
| Date of publication, distribution, etc | p2009. |
| 264 ## - Production, Publication, Distribution, Manufacture, and Copyright Notice. | |
| Place of production, publication, distribution, manufacture | Prince Frederick, MD : |
| Name of producer, publisher, distributor, manufacturer | Recorded Books, |
| Date of production, publication, distribution, manufacture, or copyr | p2009. |
| 300 ## - PHYSICAL DESCRIPTION | |
| Extent | 9 sound discs (9 hr., 15 min.) : |
| Other physical details | digital ; |
| Dimensions | 4 3/4 in. |
| 336 ## - Content Type | |
| Content type term | cd |
| 337 ## - Media type | |
| Media type term | cd |
| 338 ## - Carrier type | |
| Carrier type term | cd |
| 490 1# - SERIES STATEMENT | |
| Series statement | Ranger's apprentice ; |
| Volume number/sequential designation | bk. 6. |
| 500 ## - GENERAL NOTE | |
| General note | In container (17 cm.). |
| 500 ## - GENERAL NOTE | |
| General note | "Unabridged Fiction"--Container. |
| 500 ## - GENERAL NOTE | |
| General note | "With tracks every 3-6 minutes for easy book marking"--Container. |
| 500 ## - GENERAL NOTE | |
| General note | Compact disc. |
| 511 0# - PARTICIPANT OR PERFORMER NOTE | |
| Participant or performer note | Narrated by John Keating. |
| 520 ## - SUMMARY, ETC. | |
| Summary, etc | Now a full-fledged Ranger, Will must rescue his friend Alyss from a rogue knight and uncover vital information needed to ward off a Scotti invasion. |
| 521 1# - TARGET AUDIENCE NOTE | |
| Target audience note | 9 years and up. |
| 530 ## - ADDITIONAL PHYSICAL FORM AVAILABLE NOTE | |
| Additional physical form available note | Issued also as Recorded Books Unabridged Fiction on compact disc with book. |
| 530 ## - ADDITIONAL PHYSICAL FORM AVAILABLE NOTE | |
| Additional physical form available note | Issued also on cassette. |
| 650 #0 - SUBJECT ADDED ENTRY--TOPICAL TERM | |
| Topical term or geographic name as entry element | Heroes |
| Form subdivision | Juvenile fiction. |
| 9 (RLIN) | 5674994 |
| 650 #0 - SUBJECT ADDED ENTRY--TOPICAL TERM | |
| Topical term or geographic name as entry element | War |
| Form subdivision | Juvenile fiction. |
| 9 (RLIN) | 5705868 |
| 650 #1 - SUBJECT ADDED ENTRY--TOPICAL TERM | |
| Topical term or geographic name as entry element | Compact discs. |
| 9 (RLIN) | 94421 |
| 650 #1 - SUBJECT ADDED ENTRY--TOPICAL TERM | |
| Topical term or geographic name as entry element | Heroes |
| Form subdivision | Fiction. |
| 9 (RLIN) | 5674995 |
| 650 #1 - SUBJECT ADDED ENTRY--TOPICAL TERM | |
| Topical term or geographic name as entry element | War |
| Form subdivision | Fiction. |
| 9 (RLIN) | 5770180 |
| 650 #1 - SUBJECT ADDED ENTRY--TOPICAL TERM | |
| Topical term or geographic name as entry element | Fantasy. |
| 9 (RLIN) | 83797 |
| 655 #7 - INDEX TERM--GENRE/FORM | |
| Genre/form data or focus term | War fiction. |
| Source of term | gsafd. |
| 9 (RLIN) | 5706961 |
| 655 #7 - INDEX TERM--GENRE/FORM | |
| Genre/form data or focus term | Fantasy fiction. |
| Source of term | gsafd. |
| 9 (RLIN) | 102641 |
| 655 #0 - INDEX TERM--GENRE/FORM | |
| Genre/form data or focus term | Audiobooks. |
| 9 (RLIN) | 5770181 |
| 655 #7 - INDEX TERM--GENRE/FORM | |
| Genre/form data or focus term | Compact discs. |
| Source of term | local. |
| 9 (RLIN) | 5675080 |
| 700 1# - ADDED ENTRY--PERSONAL NAME | |
| Personal name | Keating, John. |
| Relator code | nrt. |
| 9 (RLIN) | 45975 |
| 800 1# - SERIES ADDED ENTRY--PERSONAL NAME | |
| Personal name | Flanagan, John |
| Fuller form of name | (John Anthony). |
| Title of a work | Ranger's apprentice ; |
| Volume/sequential designation | bk. 6. |
| 9 (RLIN) | 53823 |
| 907 ## - LOCAL DATA ELEMENT G, LDG (RLIN) | |
| a | .b282689448 |
| 942 ## - ADDED ENTRY ELEMENTS (KOHA) | |
| Source of classification or shelving scheme | Dewey Decimal Classification |
| Koha item type | Audiobook on CD |
| Withdrawn status | Lost status | Source of classification or shelving scheme | Materials specified (bound volume or other part) | Damaged status | Not for loan | Collection code | Home library | Current library | Shelving location | Date acquired | Cost, normal purchase price | Total Checkouts | Total Renewals | Full call number | Barcode | Date last seen | Date checked out | Cost, replacement price | Price effective from | Koha item type |
|---|---|---|---|---|---|---|---|---|---|---|---|---|---|---|---|---|---|---|---|---|
| Dewey Decimal Classification | .CIRCNOTE. 9 discs | Junior Audiobooks | Wasatch County Library | Wasatch County Library | Main Floor Junior Area | 08/12/2009 | 97.75 | 63 | 7 | J CD Fla | 34301000839003 | 11/21/2024 | 10/18/2024 | 97.75 | 03/20/2020 | Audiobook on CD |
